Warrior cats V names - Statistics

General Stats
  • This quiz has been taken 10 times
  • The average score is 5 of 13
Answer Stats
% Correct
Violet
75%
Voleclaw
63%
Vinestar
50%
Violetshine
50%
Vixenleap
50%
Volestar
50%
Victor
38%
Vinetail
25%
Volewhisper
25%
VelvetAvos
13%
VelvetSkd
13%
Violet dawn
13%
Voletooth
13%
No matching quizzes found
Score Distribution
Percent of People with Each Score
Percentile by Number Answered
Your Score History
You have not taken this quiz